Mandal commission report : (Record no. 123019)

MARC details
000 -LEADER
fixed length control field 00767nam a22002537a 4500
005 - DATE AND TIME OF LATEST TRANSACTION
control field 20170124105919.0
010 ## - LIBRARY OF CONGRESS CONTROL NUMBER
LC control number A-447799
020 ## - INTERNATIONAL STANDARD BOOK NUMBER
Terms of availability 00
International Standard Book Number 8185318484
035 ## - SYSTEM CONTROL NUMBER
System control number A-447799
037 ## - SOURCE OF ACQUISITION
Source of stock number/acquisition Cen Lib/Ret
040 ## - CATALOGING SOURCE
Original cataloging agency DPL
Language of cataloging EN
082 ## - DEWEY DECIMAL CLASSIFICATION NUMBER
Classification number 305.56
Item number MAN
245 ## - TITLE STATEMENT
Title Mandal commission report :
Statement of responsibility, etc edited by K.L. Chanchreek, Saroj Prasad
Remainder of title myth and reality /
246 ## - VARYING FORM OF TITLE
Remainder of title
260 ## - PUBLICATION, DISTRIBUTION, ETC. (IMPRINT)
Name of publisher, distributor, etc H.K. Publishers
Place of publication, distribution, etc Delhi
Date of publication, distribution, etc 1991
270 ## - ADDRESS
City Delhi
Address A-1/11, shakti nagar extention
Postal code 110052
300 ## - PHYSICAL DESCRIPTION
Extent 389p.
Dimensions 21cm(Hb)
500 ## - GENERAL NOTE
General note Includes appendix and index
650 ## - SUBJECT ADDED ENTRY--TOPICAL TERM
Topical term or geographic name as entry element Political Sciences
9 (RLIN) 833
650 ## - SUBJECT ADDED ENTRY--TOPICAL TERM
Topical term or geographic name as entry element Social Justice
9 (RLIN) 3680
700 ## - ADDED ENTRY--PERSONAL NAME
Personal name Canchreek, K.L.
9 (RLIN) 3683
700 ## - ADDED ENTRY--PERSONAL NAME
Personal name Prasad, Saroj
9 (RLIN) 3684
942 ## - ADDED ENTRY ELEMENTS (KOHA)
Source of classification or shelving scheme Dewey Decimal Classification
Koha item type English Books
Classification part 305.56
Call number suffix MAN
Holdings
Withdrawn status Lost status Damaged status Not for loan Home library Current library Date acquired Source of acquisition Cost, normal purchase price Total Checkouts Full call number Barcode Date last seen Copy number Cost, replacement price Price effective from Koha item type
        Central Library Central Library 01/06/2015 Cen Lib/Ret 0.00   305.56 MAN A-447799 01/06/2015 1 0.00 01/06/2015 English Books

© Delhi Public Library
Hit Counter
free hit counter